| 000 | 01133cac a2200361 i 4500 | ||
|---|---|---|---|
| 003 | EG-GICUC | ||
| 005 | 20260121101341.0 | ||
| 008 | 960821s1996 mau fr 001 0 eng d | ||
| 020 | _a0316817910 | ||
| 020 | _a9780316817912 | ||
| 040 |
_aDLC _cDLC _dDLC _dEG-GICUC _beng _erda |
||
| 043 | _an-us--- | ||
| 050 | 0 | 0 |
_aKF4549 _b.C647 1996 |
| 082 | 0 | 0 |
_a342.073 _221 |
| 092 | 0 | 4 | _221 |
| 099 | _aLaw 08 1996 | ||
| 245 | 0 | 0 |
_aConstitutional law / _cGeoffrey R. Stone ... [et al.]. |
| 250 | _a3rd edition. | ||
| 264 |
_aBoston : _bLittle, Brown, _c1996. |
||
| 300 |
_aciii, 1814 page ; _c26 cm. |
||
| 336 |
_atext _btxt _2rdacontent |
||
| 337 |
_aunmediated _bn _2rdamedia |
||
| 338 |
_avolume _bnc _2rdacarrier |
||
| 440 | 0 | _aLaw school casebook series | |
| 504 | _aIncludes bibliographical references (p. 1781-1802) and index. | ||
| 525 | _aKept up to date by supplements. | ||
| 650 | 0 |
_aConstitutional law _zUnited States _xCases. |
|
| 650 | 0 |
_aConstitutional law _xCases. |
|
| 700 | 1 | _aStone, Geoffrey R. | |
| 856 | 4 | 0 | _uhttps://fll.law.cu.edu.eg/fulltext/bks/ENGB08-00022.pdf |
| 905 | _a10 | ||
| 942 |
_2ddc _cBK _e21 _n0 |
||
| 999 |
_c45819 _d45819 |
||